000 00864cam a2200265 a 4500
001 3576659
005 20171222040639.0
008 990524s1999 miu b 001 0beng
010 _a 99034656
020 _a0802802222 (pbk. : alk. paper)
040 _aDLC
_cDLC
_dDLC
041 _aeng
043 _an-us---
080 _a271.12502
082 0 0 _a271.12502 CUN
_aB
_221
100 1 _a24
101 _aTEO
245 1 0 _aThomas Merton and the monastic vision /
_cLawrence S. Cunningham.
246 1 4 _aThomas Merton & the monastic vision
504 _aIncludes bibliographical references (p. 211-225) and index.
906 _a7
_bcbc
_corignew
_d1
_eocip
_f19
_gy-gencatlg
942 _2ddc
_cBK
999 _c39312
_d39312